000
00205 a2200097 4500
001
18662
100
_a
Chapman
245
_a
Workshop technology part I
260
_a
_b
Arnold
_c
1972
090
_c
13886
_d
13886
942
_a
NUST-CAE
_c
M
_c
4320
999
_c
253735
_d
253735